<?xml version="1.0" encoding="UTF-8"?>
<collection xmlns="http://www.loc.gov/MARC21/slim">
 <record>
  <leader>01769nam a2200205Ia 4500</leader>
  <controlfield tag="001">TDMU_35257</controlfield>
  <controlfield tag="008">210410s9999    xx            000 0 und d</controlfield>
  <datafield tag="082" ind1=" " ind2=" ">
   <subfield code="a">580</subfield>
  </datafield>
  <datafield tag="090" ind1=" " ind2=" ">
   <subfield code="b">TR561</subfield>
  </datafield>
  <datafield tag="100" ind1=" " ind2=" ">
   <subfield code="a">Trương, Thị Thủy Tiên</subfield>
  </datafield>
  <datafield tag="245" ind1=" " ind2="0">
   <subfield code="a">Nâng cao hiệu quả hoạt động của các quỹ tín dụng nhân dân trên địa bàn tỉnh Bình Dương</subfield>
  </datafield>
  <datafield tag="245" ind1=" " ind2="0">
   <subfield code="c">Trương Thị Thủy Tiên; TS. Lê Đình Hạc (hướng dẫn)</subfield>
  </datafield>
  <datafield tag="260" ind1=" " ind2=" ">
   <subfield code="a">Bình Dương</subfield>
  </datafield>
  <datafield tag="260" ind1=" " ind2=" ">
   <subfield code="c">2018</subfield>
  </datafield>
  <datafield tag="300" ind1=" " ind2=" ">
   <subfield code="a">74tr</subfield>
  </datafield>
  <datafield tag="520" ind1=" " ind2=" ">
   <subfield code="a">TM tài liệu tham khảo sau phần kết luận; Luận văn Thạc sĩ Quản trị kinh doanh. Trường Đại học  Thủ Dầu Một, 2018; Gồm các chương: Chương 1: Tổng quan lý thuyết về hiệu quả hoạt  động của quỹ tín dụng nhân dân; Chương 2:Thực trạng hiệu quả hoạt động của các quỹ tín dụng nhân dân trên địa bàn tỉnh Bình Dương; Chương 3: Giải pháp nâng cao hiệu quả hoạt động của các quỹ tín dụng nhân dân trên địa bàn tỉnh Bình Dương; Chuyên ngành: Kinh tế tài chính, ngân hàng; Mã số:8340101; Ý kiến về việc sao chép tài liệu: đồng ý sao chép 100% ; Ý kiến về việc chuyển dạng tài liệu ( từ giấy sang điện tử): đồng ý </subfield>
  </datafield>
  <datafield tag="650" ind1=" " ind2=" ">
   <subfield code="a">Luận văn; Quỹ tín dụng nhân dân</subfield>
   <subfield code="x">Nâng cao hiệu quả hoạt động</subfield>
   <subfield code="z">Bình Dương</subfield>
  </datafield>
  <datafield tag="700" ind1=" " ind2=" ">
   <subfield code="a">Lê Đình Hạc</subfield>
  </datafield>
  <datafield tag="856" ind1=" " ind2=" ">
   <subfield code="u">http://lrc.tdmu.edu.vn/opac/search/detail.asp?aID=2&amp;ID=35257</subfield>
  </datafield>
  <datafield tag="980" ind1=" " ind2=" ">
   <subfield code="a">Trung tâm Học liệu Trường Đại học Thủ Dầu Một</subfield>
  </datafield>
 </record>
</collection>
